书目信息 |
| 题名: |
图案技法入门
|
|
| 作者: | 钱江 编著 | |
| 分册: | ||
| 出版信息: | 杭州 中国美术学院出版社 2001 |
|
| 页数: | 46页 | |
| 开本: | 29cm | |
| 丛书名: | 中国美术教材系列 | |
| 单 册: | ||
| 中图分类: | J51 | |
| 科图分类: | ||
| 主题词: | 图案--设计--技法(美术)--教材 , 图案 , 设计 , 技法(美术) | |
| 电子资源: | ||
| ISBN: | 7-81019-889-0 | |
| 000 | 00781nam0 2200289 45 | |
| 001 | (011001)c2001028844 | |
| 005 | 20041020084749.70 | |
| 009 | (011001)c2001028844 | |
| 010 | @a7-81019-889-0@dCNY 12.00 | |
| 035 | @a(011001)c2001028844 | |
| 100 | @a20010328e20042001em y0chiy0110 ea | |
| 101 | 0 | @achi |
| 102 | @aCN@b330000 | |
| 105 | @aa z 000yy | |
| 200 | 1 | @a图案技法入门@Atu an ji fa ru men@f钱江编著 |
| 210 | @a杭州@c中国美术学院出版社@d2001@h2004重印 | |
| 215 | @a46页@d29cm | |
| 225 | 2 | @a中国美术教材系列 |
| 410 | 0 | @12001 @a中国美术教材系列 |
| 606 | 0 | @a图案@x设计@x技法(美术)@j教材 |
| 606 | 0 | @a图案 |
| 606 | 0 | @a设计 |
| 606 | 0 | @a技法(美术) |
| 690 | @aJ51@v4 | |
| 701 | 0 | @a钱江@Aqian jiang@4编著 |
| 801 | 0 | @aCN@c20041020 |
| 905 | @a10447@dJ51@eQ202 | |
| 图案技法入门/钱江编著.-杭州:中国美术学院出版社,2001(2004重印) |
| 46页;29cm.-(中国美术教材系列) |
| ISBN 7-81019-889-0:CNY 12.00 |
| ● |
| 相关链接 |
|
|
|
正题名:图案技法入门
索取号:J51/Q202
 
预约/预借
| 序号 | 登录号 | 条形码 | 馆藏地/架位号 | 状态 | 备注 |
| 1 | 421154 | 204211548 | 社科库309/309社科库 86排1列1层/ [索取号:J51/Q202] | 在馆 | |
| 2 | 421155 | 204211557 | 社科库309/309社科库 86排1列1层/ [索取号:J51/Q202] | 在馆 | |
| 3 | 421156 | 204211566 | 社科库309/309社科库 86排1列1层/ [索取号:J51/Q202] | 在馆 |